Imagen 1 Imagen 2 Imagen 3 Imagen 4 Imagen 5 Imagen 6

Palabras Que Cuentan Vol. 10 (Registro nro. 53515)

Detalles MARC
000 -LEADER
campo de control de longitud fija 00483nam a22001817a 4500
003 - IDENTIFICADOR DE NÚMERO DE CONTROL
campo de control OSt
005 - FECHA Y HORA DE LA ÚLTIMA TRANSACCIÓN
campo de control 20241129161607.0
008 - DATOS DE LONGITUD FIJA--INFORMACIÓN GENERAL
campo de control de longitud fija 230320s2024||||per||||gr|||||||| ||spa||
020 ## - NÚMERO INTERNACIONAL ESTÁNDAR DEL LIBRO
Número Internacional Estándar del Libro 9786124194399
040 ## - FUENTE DE CATALOGACIÓN
Centro/agencia transcriptor umch
Lengua de catalogación spa
Centro/agencia modificador UMCH
Normas de descripción rda
082 ## - NÚMERO DE LA CLASIFICACIÓN DECIMAL DEWEY
Número de clasificación 869.5008/U61 2024
100 ## - ENTRADA PRINCIPAL--NOMBRE DE PERSONA
Nombre de persona Muñoz Cuchca, Amado
Término indicativo de función/relación Compilador
245 #0 - MENCIÓN DEL TÍTULO
Título Palabras Que Cuentan Vol. 10
Mención de responsabilidad, etc. Comp. Amado Muñoz Cuchca
260 ## - PUBLICACIÓN, DISTRIBUCIÓN, ETC.
Nombre del editor, distribuidor, etc. UMCH
300 ## - DESCRIPCIÓN FÍSICA
Extensión 203 p.
650 ## - PUNTO DE ACCESO ADICIONAL DE MATERIA--TÉRMINO DE MATERIA
Término de materia o nombre geográfico como elemento de entrada poesía
Subdivisión general compilación
942 ## - ELEMENTOS DE ENTRADA SECUNDARIOS (KOHA)
Tipo de ítem Koha Libros
Fuente del sistema de clasificación o colocación Clasificación Decimal Dewey
Existencias
Estatus retirado Estado de pérdida Fuente del sistema de clasificación o colocación Estado de daño No para préstamo Biblioteca de origen Biblioteca actual Fecha de adquisición Total checkouts Signatura topográfica completa Código de barras Visto por última vez Fecha del último préstamo Copia número Precio de reemplazo Tipo de ítem Koha
    Clasificación Decimal Dewey     Biblioteca Central Biblioteca Central 29/11/2024 1 869.5008/U61 2024 035517 05/12/2024 29/11/2024 1 29/11/2024 Libros
    Clasificación Decimal Dewey     Biblioteca Central Biblioteca Central 29/11/2024   869.5008/U61/ 2024/ ej.2 035518 29/11/2024   2 29/11/2024 Libros
    Clasificación Decimal Dewey     Biblioteca Central Biblioteca Central 29/11/2024   869.5008/U61/ 2024/ ej.3 035519 29/11/2024   3 29/11/2024 Libros
    Clasificación Decimal Dewey     Biblioteca Central Biblioteca Central 29/11/2024   869.5008/U61/ 2024/ ej.4 035520 29/11/2024   4 29/11/2024 Libros
    Clasificación Decimal Dewey     Biblioteca Central Biblioteca Central 29/11/2024   869.5008/U61/ 2024/ ej.5 035521 29/11/2024   5 29/11/2024 Libros
    Clasificación Decimal Dewey     Biblioteca Central Biblioteca Central 29/11/2024   869.5008/U61/ 2024/ ej.6 035522 29/11/2024   6 29/11/2024 Libros

Horarios de atención

De Lunes a Viernes de 8:00 a.m. -7:00 p.m.
Sábados de 8:00 a.m. - 5:00 p.m.



Email:
 biblioteca@umch.edu.pe

Teléfono: (01) 4490449 anexo 400 y 401
WhatsApp: +51 946 208 593